000 01389nam a22002297a 4500
005 20211102093924.0
008 211102b ||||| |||| 00| 0 eng d
020 _a8122007430
040 _cAL
041 _aeng
082 _223
_a327.54053
_bKHOI
100 _aI P Khosla Ed
_99429
245 _aIndia and the Gulf
260 _aDelhi
_bKonark Publishers Pvt Ltd
_c2009
300 _axii,327 p.
_bHB
_c22x14 cm.
365 _b750.00
_c
_d750.00
520 _aAbout the Book: India And The Gulf The revolution in Iran, the Iraq-Iran war, the Soviet occupationof Afghanistan, then 9/11 and the US military actions inAfghanistan and Iraq-have put the Gulf and its surroundings high onthe international agenda. India has shown that it is prepared todevelop relations with the countries of the region in recognitionof their high importance. The question that needs to be examined indepth and detail is that in the light of our ancient cultural,trade and other contacts how exactly would Indias interests figurein all these contemporary developments and what should she do topromote those interests. In this volume, leading experts, analystsand academics examine different aspects of this question with aview to finding answers.
650 _aInternational Relations
_99430
651 _aMiddle East-Persian Gulf Region
_99431
700 _aKHOSLA (I P) Ed.
_99432
942 _2ddc
_cGF
999 _c220321
_d220321